00679 2200241 4500001002100000005001500021035002000036007000300056008004100059020002200100082000800122084001400130100001600144245006000160250001400220260004500234300002600279650002100305505008400326990000900410990000900419990000900428INLIS00000000000768920211207025942 a0010-1221000187ta211207 g 0 ind  a978-602-031-713-7 a813 a813 LUC s0 aLucy Gordon1 aSEMUSIM DI ITALIA :bOne Summer In Italy /cLucy Gordon acet. 2015 aJakarta :bGramedia Pustaka Utama,c2015 a248 hlm ;c11 x 18 cm 4aFiksi Indonesia aSeiring berjalannya waktu, holly pun menemukan rahasia keluarga yang tersimpan. a4937 a4936 a4935